Kraje wysp Oceanu Atlantyckiego - Statystyki

Ogólne statystyki
  • Ten quiz został rozwiązany 33 razy
  • Średni wynik to 11 z 20
Statystyki odpowiedzi
km2 kraj % Poprawnych
242,900 Wielka Brytania
87%
751 Dominika
84%
109,884 Kuba
84%
103,000 Islandia
81%
27,750 Haiti
77%
70,273 Irlandia
77%
10,991 Jamajka
77%
13,943 Bahamy
68%
316 Malta
58%
430 Barbados
55%
9,251 Cypr
55%
389 Saint Vincent i Grenadyny
55%
616 St. Lucia
55%
344 Grenada
52%
442 Antigua i Barbuda
48%
5,130 Trynidad i Tobago
45%
965 Wyspy Świętego Tomasza i Książęca
39%
261 St. Kitts i Nevis
23%
4,033 Wyspy Zielonego Przylądka
16%
48,671 Republika Dominikany
3%
Nie znaleziono quizów pasujących do podanych kryteriów
Rozkład punktacji
Procent ludzi z każdym wynikiem
Percentyl według liczby udzielonych odpowiedzi
Twoja historia wyników
Nie rozwiązałeś tego quizu